| 000 | 02099nam0a2200409 4500 | ||
|---|---|---|---|
| 001 | RU\NLR\BIBL_A\011144055 | ||
| 005 | 20260408064600.0 | ||
| 010 |
_a978-5-8259-0917-2 _960 |
||
| 021 |
_aRU _b2016-40219 _92575 |
||
| 035 | _a(NILC)RuMoRGB-008488280 | ||
| 035 | _a(NLR Aleph) 011144055 | ||
| 090 |
_a11634424 _c11634424 |
||
| 100 | _a20160601d2015 |||y0rusy50 ca | ||
| 101 | 0 |
_arus _deng |
|
| 102 | _aRU | ||
| 105 | _aa z 110yy | ||
| 200 | 1 |
_aСтратегическое планирование развития городов и регионов _eпамяти первого ректора ТГУ С. Ф. Жилкина _eсборник научных трудов V Международной научно-практической конференции (Тольятти, 19-20 июня 2015 года) _f[редкол.: М. М. Криштал и др.] |
|
| 210 |
_aТольятти _cИзд-во ТГУ _d2015 |
||
| 215 |
_a201 с. _cил., табл. _d21 |
||
| 300 | _aВ надзаг.: М-во образования и науки Российской Федерации, Тольяттинский гос. ун-т | ||
| 300 | _aРез. на англ. яз. | ||
| 320 | _aБиблиогр. в конце ст. | ||
| 606 | 1 |
_aГорода _jСъезды, совещания и т.п _xСтратегическое планирование _92375110 _3RU\NLR\AUTH\661417429 |
|
| 675 | _a33 | ||
| 686 | 1 | _aУ23(2)2я431 | |
| 686 | 1 | _aУ23(2)8я431 | |
| 686 | 1 | _aУ04(2)22я431 | |
| 702 | 1 |
_aКриштал _bМ. М. _f1969- _gМихаил Михайлович _4340 |
|
| 702 | 1 |
_4570 _7ca _8rus _aЖилкин _bС. Ф. _f1960-2008 _gСергей Федорович _9118125 _3RU\NLR\AUTH\778211 |
|
| 712 | 0 | 2 |
_4570 _aТольяттинский государственный университет _9584015 _3RU\NLR\AUTH\8810042300 |
| 801 | 0 |
_aRU _bРГБ _c20160517 _gRCR |
|
| 801 | 2 |
_aRU _bРГБ _c20160520 _grcr |
|
| 942 | _cBOOK | ||
| 980 | _aNB | ||